| 000 | 00484nam a2200157 4500 | ||
|---|---|---|---|
| 001 | 148222 | ||
| 003 | ES-MaACL | ||
| 005 | 20230906202512.0 | ||
| 007 | t| | ||
| 008 | 070214s1969 sp r ||||1| spa d | ||
| 100 | 1 |
_aStanley, David Michael. _9107900 |
|
| 245 | 1 | 0 |
_aModerno enfoque bĂblico de los ejercicios espirituales / _cDavid Michael Stanley. |
| 260 |
_aMadrid : _bApostolado de la Prensa, _c1969. |
||
| 300 |
_aXVI, 333 p. ; _c24 cm. |
||
| 852 |
_aES-MaACL _jC-46785 _bR.69891 |
||
| 999 |
_c148222 _d148222 |
||